000 00573nam a2200193 a 4500
001 000042519
005 20201002040216.0
008 131210s1981 sp ac 001 0 spa d
020 _a8485995007
040 _aDO-SdBNP
_bspa
_cBNPHU
082 _axxx
_bJ37a
100 1 _aJareño López, Jesús
_969732
245 1 3 _aEl affaire Dreyfus en España :
_b1894-1906 /
_cJesús Jareño López.
260 _aMurcia, España :
_bGodoy,
_c1981.
300 _a328 p. :
_bil., retrs. ;
_c18 cm.
490 1 _aMenor
_v4
590 _aInventariado, 2019 /LP
830 0 _aMenor
_v4
_951439
999 _c42008
_d42008